00366nam a2200133Ia 4500003000400000005001700004008004100021040001800062041000800080100004300088110002100131245006000152260002000212OSt20230601144448.0211028s2013 xx 000 0 und d cAIMIT LIBRARY aeng aShruthi, K; Prabhu, S Aravind.e111933 aS Aravind Prabhu aPerformance analysis of plus services on nest platform. aMangalorec2013